Coplas de Juan Panadero

Salvato in:
Dettagli Bibliografici
Autore principale: Alberti, Rafael
Natura: Libro
Lingua:Undetermined
Pubblicazione: Barcelona, España Bruguera 1984
Edizione:3
Soggetti:
Tags: Aggiungi Tag
Nessun Tag, puoi essere il primo ad aggiungerne!!

MARC

LEADER 00000nam a2200000Ia 4500
008 170316s9999 xx 000 0 und d
040 |a cru BVZT 
090 |a 862 A-12co 
100 |a Alberti, Rafael 
245 |a Coplas de Juan Panadero 
250 |a 3 
260 |a Barcelona, España 
260 |b Bruguera 
260 |c 1984 
300 |a 220 páginas 
650 |a LITERATURA ESPAÑOLA 
999 |c 9358  |d 9358 
942 |c 15 D  |h 862 A-12co  |2 z